A research on pinus merkush planting in pursat province (សិក្សារស្រាវជ្រាវអំពីការដាំស្រល់ស្លឺកពីរ (pinus merkusii)នៅខេត្តពោធិ័សាត់) (Record no. 3043)

000 -LEADER
fixed length control field 00605nam a22001577a 4500
003 - CONTROL NUMBER IDENTIFIER
control field OSt
005 - DATE AND TIME OF LATEST TRANSACTION
control field 20151103111055.0
008 - FIXED-LENGTH DATA ELEMENTS--GENERAL INFORMATION
fixed length control field 151103b xxu||||| |||| 00| 0 eng d
040 ## - CATALOGING SOURCE
Transcribing agency RUA
082 ## - DEWEY DECIMAL CLASSIFICATION NUMBER
Classification number FOR THA 1996 B122 Or.1
100 ## - MAIN ENTRY--PERSONAL NAME
9 (RLIN) 3259
Personal name THATH, KUNTHEA.
245 ## - TITLE STATEMENT
Title A research on pinus merkush planting in pursat province (សិក្សារស្រាវជ្រាវអំពីការដាំស្រល់ស្លឺកពីរ (pinus merkusii)នៅខេត្តពោធិ័សាត់)
260 ## - PUBLICATION, DISTRIBUTION, ETC. (IMPRINT)
Place of publication, distribution, etc. Phnom Penh
Name of publisher, distributor, etc. RUA
Date of publication, distribution, etc. 1996
300 ## - PHYSICAL DESCRIPTION
Extent 62p.
Other physical details ill.
Dimensions 29cm.
942 ## - ADDED ENTRY ELEMENTS (KOHA)
Source of classification or shelving scheme
Koha item type FOR
Holdings
Price effective from Date last seen Permanent Location Not for loan Date acquired Source of classification or shelving scheme Koha item type Lost status Withdrawn status Date last checked out Total Checkouts Shelving location Damaged status Barcode Current Location Full call number
2015-11-032022-10-05Library Block B 2015-11-03 FOR  2019-02-271B122 RUA028150Library Block BFOR THA 1996 B122 Or.1
2015-11-032015-11-03Library Block B 2015-11-03 FOR    B122 RUA028440Library Block BFOR THA 1996 B122 Or.2
2015-11-032015-11-03Library Block B 2015-11-03 FOR    B122 RUA028874Library Block BFOR THA 1996 B122 Or.3
2015-11-032015-11-03Library Block B 2015-11-03 FOR    B122 RUA028586Library Block BFOR THA 1996 B122 Or.4
មជ្ឈមណ្ឌលឯការនៃសាកលវិទ្យាល័យភូមិន្ទកសិកម្មចំការដូង

Powered by Koha